| 000 | 01287cam a22003491 4500 | ||
|---|---|---|---|
| 082 |
_a624.17 _bWAN |
||
| 100 | 1 |
_aWang, Chu-Kia, _938605 |
|
| 245 | 1 | 0 |
_aElementary theory of structures _c[by] Chu-kia Wang [and] Clarence Lewis Eckel. |
| 260 |
_aNew York, _bMcGraw-Hill, _c1957. |
||
| 300 |
_a387 p. _billus. _c24 cm. |
||
| 526 |
_a0 _b0 _c0 _d624_170000000000000_WAN |
||
| 526 |
_a0 _b0 _c0 _d624_170000000000000_WAN |
||
| 526 |
_a0 _b0 _c0 _d624_170000000000000_WAN |
||
| 526 |
_a0 _b0 _c0 _d624_170000000000000_WAN |
||
| 526 |
_a0 _b0 _c0 _d624_170000000000000_WAN |
||
| 526 |
_a0 _b0 _c0 _d624_170000000000000_WAN |
||
| 526 |
_a0 _b0 _c0 _d624_170000000000000_WAN |
||
| 526 |
_a0 _b0 _c0 _d624_170000000000000_WAN |
||
| 526 |
_a0 _b0 _c0 _d624_170000000000000_WAN |
||
| 526 |
_a0 _b0 _c0 _d624_170000000000000_WAN |
||
| 526 |
_a0 _b0 _c0 _d624_170000000000000_WAN |
||
| 526 |
_a0 _b0 _c0 _d624_170000000000000_WAN |
||
| 526 |
_a0 _b0 _c0 _d624_170000000000000_WAN |
||
| 526 |
_a0 _b0 _c0 _d624_170000000000000_WAN |
||
| 526 |
_a0 _b0 _c0 _d624_170000000000000_WAN |
||
| 526 |
_a0 _b0 _c0 _d624_170000000000000_WAN |
||
| 526 |
_a0 _b0 _c0 _d624_170000000000000_WAN |
||
| 650 | 0 |
_aMCE _9379 |
|
| 650 | 0 |
_aStructural analysis (Engineering) _9654 |
|
| 700 | 1 |
_aEckel, Clarence Lewis, _942662 |
|
| 942 |
_2ddc _cBK |
||
| 999 |
_c546509 _d546509 |
||